[Event "American Open"]
[Site "Los Angeles USA"]
[Date "2001.11.24"]
[Round "5"]
[White "Kretchetov,A"]
[Black "Grijalva,R"]
[Result "1/2-1/2"]
[WhiteElo "2397"]
[BlackElo "2110"]

1.d4 d5 2.c4 c6 3.Nf3 Nf6 4.Nc3 e6 5.e3 Nbd7 6.Qc2 Bd6 7.b3 O-O 8.Be2 Qe7
9.O-O b6 10.e4 dxe4 11.Nxe4 Nxe4 12.Qxe4 Nf6 13.Qh4 h6 14.Bd3 Ne8 15.Qxe7 Bxe7
16.Ne5 c5 17.Be4 Rb8 18.Nc6 Rb7 19.Nxe7+ Rxe7 20.dxc5 bxc5 21.Be3 Rc7 22.Bf4 Re7
23.Rad1 Bb7 24.Bxb7 Rxb7 25.Rd8 Nf6 26.Rxf8+ Kxf8 27.Bd6+ Ke8 28.Bxc5 Rd7
29.h3 Rd2 30.Bxa7 Rxa2 31.Bd4 Rd2 32.Be5 Re2 33.Ba1 Rc2 34.Rd1 Ke7 35.Bd4 g6
36.Bc5+ Ke8 37.Ra1 Ne4 38.Ra8+ Kd7 39.Ra7+ Kc6 40.Bd4 Nd2 41.h4 Nxb3 42.Be3 Rxc4
43.Rxf7 Rxh4 44.g3 Rh5 45.g4 Re5 46.Rf6 g5 47.Rxh6 Re4 48.Kf1 Kd6  1/2-1/2

[Event "NCC"]
[Site "Philadelphia USA"]
[Date "2001.11.24"]
[Round "4"]
[White "De Fotis,Ga"]
[Black "Kaliksteyn,A"]
[Result "0-1"]
[WhiteElo "2233"]
[BlackElo "2373"]

1.d4 d5 2.c4 e6 3.Nc3 c6 4.e3 Nf6 5.Nf3 Nbd7 6.Bd3 dxc4 7.Bxc4 b5 8.Bd3 Bb7
9.O-O b4 10.Na4 c5 11.Nxc5 Bxc5 12.dxc5 Nxc5 13.Bb5+ Ke7 14.Nd4 Qd5 15.f3 a6
16.Be2 Rhd8 17.Qe1 a5 18.Qg3 Kf8 19.b3 Ba6 20.Bxa6 Rxa6 21.Bb2 Nd3 22.Rab1 e5
23.Nf5 g6 24.Nh6 Qc5 25.Qg5 Rd5 26.Rfc1 Nxc1 27.Rxc1 Qd6 28.Rc8+ Ke7 29.Ng8+ Kd7
30.Nxf6+ Qxf6 31.Qg4+ Qe6 32.Qxe6+ Rxe6 33.Rc2 Red6 34.Bc1 Rc6  0-1

[Event "ch-ROM"]
[Site "Targoviste ROM"]
[Date "2001.11.24"]
[Round "1"]
[White "Ionescu,Co"]
[Black "Berescu,A"]
[Result "1/2-1/2"]
[WhiteElo "2481"]
[BlackElo "2422"]

1.Nf3 d5 2.c4 c6 3.e3 Nf6 4.Nc3 e6 5.d4 Be7 6.Qc2 O-O 7.Bd2 Nbd7 8.Bd3 dxc4
9.Bxc4 c5 10.O-O cxd4 11.Nxd4 Ne5 12.Bb3 Bd7 13.Ne4 Nc6  1/2-1/2

[Event "Bundesliga 2001-2"]
[Site "Hamburg GER"]
[Date "2001.11.25"]
[Round "4"]
[White "Pelletier,Y"]
[Black "Hansen,LB"]
[Result "1/2-1/2"]
[WhiteElo "2545"]
[BlackElo "2586"]

1.d4 d5 2.c4 c6 3.Nf3 Nf6 4.Nc3 e6 5.e3 Nbd7 6.Bd3 Bd6 7.O-O O-O 8.e4 dxe4
9.Nxe4 Nxe4 10.Bxe4 h6 11.Bc2 e5 12.b3 Re8 13.Re1 Bb4 14.Bd2 Bxd2 15.Qxd2 exd4
16.Rxe8+ Qxe8 17.Re1 Qf8 18.Qxd4 Nf6 19.Nd2 Be6 20.Ne4 Nxe4 21.Qxe4 g6 22.Qe3 Re8
23.Qd2  1/2-1/2

[Event "ch-Balkan"]
[Site "Istanbul TUR"]
[Date "2001.11.25"]
[Round "9"]
[White "Rama,L"]
[Black "Olcayoz,A"]
[Result "1/2-1/2"]
[WhiteElo "2311"]
[BlackElo "2334"]

1.d4 d5 2.c4 c6 3.Nf3 Nf6 4.e3 e6 5.Nc3 Nbd7 6.Bd3 Bd6 7.O-O O-O 8.e4 dxc4
9.Bxc4 e5 10.Bg5 Qe7 11.Re1 h6 12.Bh4 Re8 13.Bb3 Bc7 14.Qd2 Rd8 15.Rad1 exd4
16.Nxd4 Ne5 17.Qe2 Bb6 18.Nf5 Bxf5 19.exf5 Rxd1 20.Rxd1 Re8 21.Kf1 Ned7 22.Qxe7 Rxe7
23.g4 Re8 24.h3 Bc7 25.a4 Nc5 26.Bc2 a5 27.f3 Rd8 28.Rxd8+ Bxd8 29.Ne4  1/2-1/2

[Event "NCC"]
[Site "Philadelphia USA"]
[Date "2001.11.25"]
[Round "6"]
[White "Shapiro,D"]
[Black "Stripunsky,A"]
[Result "1/2-1/2"]
[WhiteElo "2274"]
[BlackElo "2535"]

1.d4 d5 2.c4 c6 3.Nf3 Nf6 4.Nc3 e6 5.e3 Nbd7 6.Qc2 Bd6 7.b3 O-O 8.Be2 Re8
9.O-O dxc4 10.bxc4 e5 11.Rd1 exd4 12.exd4 Nf8 13.Rb1 Rb8 14.h3 Ng6 15.c5 Bc7
16.Bc4 Be6 17.Bxe6 Rxe6 18.Bg5 Qd7 19.Bxf6 Rxf6 20.Ne5 Qe6 21.Ng4 Rf5 22.Ne3 Rg5
23.d5 cxd5 24.Rxd5 Re5 25.Qd2 a6 26.Qd4 h6 27.Rd7 Ba5 28.Rbxb7 Rxb7 29.Rxb7 Qc8
30.Ra7 Rxc5 31.Qe4 Kh7 32.Ne2 Bc7 33.Ra8 Bb8 34.g3 Re5 35.Qd3 Rb5 36.a4 Rb6
37.h4 Kg8 38.Nd5 Qd8 39.Nef4 Nxf4 40.Nxf4 Qe8 41.Ng2 Qc8 42.Ne3 Qc1+ 43.Qd1 Qxd1+
44.Nxd1 Kh7 45.Ne3 Bd6 46.Nc4 Rc6 47.Na5 Rc2 48.Nb7 Be5 49.Rd8 Kg6 50.Rd5 Bc7
51.Nc5 Bb8 52.Nd3 Ba7 53.Rd7 Bb8 54.Rb7 Bc7 55.Nb4 Rc1+ 56.Kg2 a5 57.Nd5 Be5
58.Rb5 Bd4 59.Nf4+ Kf6 60.Ne2 Rc4 61.Nxd4 Rxd4 62.Rxa5 g6 63.Kf3 Rb4 64.Ra6+ Ke5
65.h5 gxh5 66.a5 Rb3+ 67.Kg2 f6 68.Ra8 Kf5 69.a6 Ra3 70.Kh3 Ra2 71.a7 Ra1
72.Kg2 Ra2 73.Kf3 Ra4 74.Ke3  1/2-1/2

[Event "FIDE WCh Women KO"]
[Site "Moscow RUS"]
[Date "2001.11.28"]
[Round "1.2"]
[White "Kononenko,T"]
[Black "Petrenko,S"]
[Result "0-1"]
[WhiteElo "2395"]
[BlackElo "2336"]

1.d4 d5 2.Nf3 Nf6 3.c4 e6 4.Nc3 c6 5.e3 Bd6 6.Qc2 Nbd7 7.Be2 O-O 8.O-O Qe7
9.Bd2 h6 10.h3 dxc4 11.Bxc4 e5 12.Nh4 Nb6 13.Bb3 exd4 14.exd4 Nfd5 15.Nf5 Bxf5
16.Qxf5 Qf6 17.Qg4 Nxc3 18.bxc3 Nd5 19.g3 Rfe8 20.Rfe1 Rad8 21.h4 Nc7 22.Bc2 Rxe1+
23.Rxe1 Ne6 24.Bf5 h5 25.Qh3 Rf8 26.Bxe6 fxe6 27.Qxe6+ Qxe6 28.Rxe6 Rd8 29.Kf1 Kf7
30.Re4 b5 31.Ke2 g6 32.Bf4 Ba3 33.Be5 Be7 34.Kd3 c5 35.Bf4 Rd7 36.Bg5 Bd6
37.Kc2 c4 38.Re3 a5 39.Rf3+ Kg7 40.Bf6+ Kg8 41.Be5 Be7 42.Bf6 Bd6 43.Re3 Kf7
44.Be5 Be7 45.Re1 b4 46.Rd1 Ke6 47.Bf4 Bf6 48.Bd2 Rb7 49.Rb1 Be7 50.Re1+ Kd7
51.Rb1 Kc6 52.Re1 Kd7 53.Re5 b3+ 54.Kb2 Ba3+ 55.Kb1 Ra7 56.Rb5 a4 57.Rb6 Bd6
58.Bc1 Ra5 59.Rb7+ Ke6 60.Rb6 Kd7 61.Rb7+ Ke6 62.Bg5 Rf5 63.f4 Rf7 64.Rb6 Kd5
65.Rb5+ Ke4 66.Rb6 Rd7 67.axb3 axb3 68.Bf6 Kd3 69.Kb2 Be7 70.Be5 Ra7 71.d5 Ra2+
72.Kb1 Ba3 73.Ra6 Rb2+ 74.Ka1 Kc2  0-1

[Event "FIDE WCh Women KO"]
[Site "Moscow RUS"]
[Date "2001.11.30"]
[Round "2.2"]
[White "Hoang Thanh Trang"]
[Black "Kosteniuk,A"]
[Result "0-1"]
[WhiteElo "2439"]
[BlackElo "2455"]

1.d4 d5 2.c4 e6 3.Nf3 c6 4.e3 Nf6 5.Nc3 Nbd7 6.Bd3 dxc4 7.Bxc4 b5 8.Be2 a6
9.O-O c5 10.d5 Nb6 11.dxe6 Bxe6 12.Qc2 Qc7 13.e4 Be7 14.Bg5 O-O 15.e5 Nfd5
16.Bxe7 Qxe7 17.Bd3 h6 18.Be4 Rad8 19.Nxd5 Bxd5 20.Rfd1 Bxe4 21.Qxe4 Qe6
22.b3 Nd5 23.Rdc1 Rc8 24.Rc2 Rfd8 25.Rd1 Nb4 26.Rcd2 Rxd2 27.Rxd2 c4 28.bxc4 Qxc4
29.Qxc4 bxc4 30.Ne1 c3 31.Rd1 c2 32.Rc1 Rd8 33.Nxc2 Nxc2 34.Kf1 Rd2 35.Rb1 a5
36.g3 Nd4 37.Rb8+ Kh7 38.Rd8 Kg6 39.a4 Nf3 40.Ra8 Rd5 41.Ra6+ Kf5 42.Ke2 Nxe5
43.f4 Nc4 44.Rc6 Rd2+ 45.Kf3 Rd3+ 46.Ke2 Re3+ 47.Kf2 Rc3 48.Rc7 Nd6 49.Ra7 Ke4
50.Rxa5 Rc2+ 51.Ke1 Rxh2 52.Re5+ Kf3 53.Rd5 Ne4 54.Rd3+ Kg4 55.Ra3 Nxg3 56.a5 Re2+
57.Kd1 Re7 58.a6 Ra7  0-1

[Event "Open"]
[Site "Rijeka CRO"]
[Date "2001.12.06"]
[Round "6"]
[White "Kovacevic,B"]
[Black "Doric,N"]
[Result "1-0"]
[WhiteElo "2434"]
[BlackElo "2372"]

1.c4 c6 2.Nf3 d5 3.e3 Nf6 4.Nc3 e6 5.d4 Nbd7 6.Bd3 dxc4 7.Bxc4 b5 8.Be2 Bb7
9.O-O Be7 10.e4 b4 11.e5 bxc3 12.exf6 Bxf6 13.bxc3 O-O 14.Rb1 Qc7 15.Qd3 c5
16.Ng5 Bxg5 17.Bxg5 Nb6 18.dxc5 Qxc5 19.Qg3 Be4 20.Rb5 Qa3 21.Bf3 Bxf3 22.Bh6 g6
23.Qxf3 Qe7 24.Bxf8 Rxf8 25.c4 Nxc4 26.Rb7 Qg5 27.Qc3 Nd6 28.Rxa7 Nb5 29.Qa5 Qd5
30.Ra6 Qc4 31.Qa4 Qd3 32.Qd1 Qc4 33.Qb3 Qxb3 34.axb3 Rb8 35.Rfa1 Rb7 36.Ra8+ Kg7
37.Rd8 Nc3 38.Rd3 Nd5 39.Kf1 h5 40.g3 Kf6 41.Ra4 Rc7 42.Rc4 Rb7 43.Ke2 Ke5
44.Kd2 Ra7 45.Ra4 Rb7 46.Kc1 Kd6 47.Kb2 Kc6 48.Rc4+ Kd6 49.Ka3 Ra7+ 50.Kb2 Rb7
51.b4 Ke5 52.Kb3 f5 53.Rd2 Kd6 54.Ra2 Ke5 55.Ra5 g5 56.b5 g4 57.Rc6  1-0

[Event "ch-ROM"]
[Site "Targoviste ROM"]
[Date "2001.12.06"]
[Round "12"]
[White "Ionescu,Co"]
[Black "Cosma,I"]
[Result "1/2-1/2"]
[WhiteElo "2481"]
[BlackElo "2472"]

1.d4 d5 2.Nf3 Nf6 3.c4 e6 4.Nc3 c6 5.e3 Nbd7 6.Qc2 Bd6 7.Be2 O-O 8.O-O Re8
9.Rd1 Qe7 10.b3 b6 11.e4 Nxe4 12.Nxe4 dxe4 13.Qxe4 Bb7 14.Bf4 Bxf4 15.Qxf4 c5
16.Ne5 Nf8 17.Bf3 Bxf3 18.Qxf3 Qc7 19.Qe4 f6 20.Nf3 Rad8 21.Rd3 cxd4 22.Rxd4 e5
23.Rd5  1/2-1/2

[Event "ch-GER"]
[Site "Altenkirchen GER"]
[Date "2001.12.07"]
[Round "8"]
[White "Levin,F"]
[Black "Kleeschaetzky,Rai"]
[Result "1-0"]
[WhiteElo "2531"]
[BlackElo "2318"]

1.d4 d5 2.c4 c6 3.Nf3 Nf6 4.e3 e6 5.Nc3 Nbd7 6.Qc2 Bd6 7.b3 O-O 8.Be2 Qe7
9.O-O b6 10.Bb2 Bb7 11.Rfd1 Rad8 12.Rac1 Rfe8 13.Bd3 Bb8 14.Ne2 dxc4 15.Bxc4 h6
16.Ng3 c5 17.Qe2 g6 18.Bb5 Rf8 19.Ne5 Nxe5 20.dxe5 Nh7 21.Rf1 h5 22.Bd3 Rd7
23.Bc3 Rfd8 24.Bb5 Rc7 25.f4 f5 26.exf6 Nxf6 27.Qc2 Kh7 28.Bd3 Kh6 29.e4 Ng4
30.Rf3 Rcd7 31.Bb5 Qh4 32.Nf1 Rf7 33.h3 Nf6 34.Be1  1-0

[Event "Salona"]
[Site "Solin-Split CRO"]
[Date "2001.12.08"]
[Round "1"]
[White "Ftacnik,L"]
[Black "Ribli,Z"]
[Result "1/2-1/2"]
[WhiteElo "2566"]
[BlackElo "2564"]

1.c4 c6 2.d4 d5 3.Nc3 Nf6 4.e3 e6 5.Nf3 Nbd7 6.Qc2 Bd6 7.Bd3 O-O 8.O-O dxc4
9.Bxc4 a6 10.Rd1 b5 11.Be2 Qc7 12.e4 e5 13.g3 Re8 14.dxe5 Nxe5 15.Bg5 Nxf3+
16.Bxf3 Bg4 17.Bxg4 Nxg4 18.Qe2 Ne5 19.Rac1 Bf8 20.b3 f6 21.Be3 Qe7 22.f3 Rac8
23.Kg2 Red8 24.Rxd8 Rxd8 25.Nd1 Qe6 26.Nf2 Bb4 27.Rc2 Be7 28.f4 Nf7 29.Qg4 Qxg4
30.Nxg4 Rc8 31.Bf2 Nd6 32.Kf3 h5 33.Ne3 Kf7 34.e5 fxe5 35.fxe5 Nb7 36.Nd5 Ke6
37.Nxe7 Kxe7 38.Kf4 Ke6 39.Kg5 c5 40.h4 Kxe5 41.Be1 Nd6 42.Bc3+ Ke6 43.Kxh5 Kf7
44.Be5 Ne4 45.Kg4 c4 46.Kf5 Nc5 47.bxc4 Nd3 48.c5 Rxc5 49.Rxc5 Nxc5 50.h5 b4
51.Bd6 b3 52.axb3 Nxb3 53.g4  1/2-1/2

[Event "XIV Carlos Torre"]
[Site "Merida MEX"]
[Date "2001.12.17"]
[Round "4"]
[White "Miranda,Ru"]
[Black "Vera,R"]
[Result "0-1"]
[WhiteElo "2208"]
[BlackElo "2557"]

1.d4 d5 2.Nf3 Nf6 3.c4 e6 4.Nc3 c6 5.e3 Nbd7 6.Bd3 dxc4 7.Bxc4 b5 8.Bd3 a6
9.a3 c5 10.O-O Bb7 11.Qe2 Qc7 12.e4 cxd4 13.Nxd4 Bd6 14.h3 O-O 15.Rd1 Rac8
16.Nf3 Ne5 17.Nxe5 Bxe5 18.Bd2 Rfd8 19.Rac1 Qb8 20.Bb1 h6 21.Be1 Bd4 22.Kh1 Qe5
23.Bd2 Nh5 24.Be3 Nf4 25.Bxd4 Rxd4 26.Qf3 Rdc4 27.Ne2 Rxc1 28.Nxc1 Qxb2 29.Qxf4 Qxb1
30.f3 Qc2 31.Qd6 Bd5 32.Rg1 Qc6 33.Qxc6 Bxc6 34.Nd3 Bb7 35.Rc1 Rxc1+ 36.Nxc1 f5
37.exf5 exf5 38.Nd3 Kf7 39.Kg1 Ke7 40.Nc5 Bc8 41.Kf2 Kd6 42.Nd3 Kd5  0-1

[Event "It"]
[Site "Lvov UKR"]
[Date "2001.12.20"]
[Round "3"]
[White "Maksimenko,A"]
[Black "Sulypa,A"]
[Result "1/2-1/2"]
[WhiteElo "2495"]
[BlackElo "2513"]

1.d4 Nf6 2.c4 c6 3.Nc3 d5 4.e3 e6 5.Nf3 Nbd7 6.Bd3 dxc4 7.Bxc4 b5 8.Bd3 a6
9.e4 c5 10.e5 cxd4 11.Nxb5 axb5 12.exf6 gxf6 13.O-O Qb6 14.Qe2 b4 15.Rd1 Bc5
16.Bf4  1/2-1/2

[Event "ch-BRA"]
[Site "Sao Paolo BRA"]
[Date "2001.12.21"]
[Round "6"]
[White "Matsuura,E"]
[Black "Caldeira,A"]
[Result "1-0"]
[WhiteElo "2421"]
[BlackElo "2285"]

1.d4 d5 2.Nf3 Nf6 3.c4 c6 4.Nc3 e6 5.e3 Nbd7 6.Qc2 Bd6 7.b3 O-O 8.Be2 b6
9.O-O Bb7 10.e4 dxe4 11.Nxe4 Be7 12.Bb2 c5 13.Ng3 Qc7 14.Rad1 Bc6 15.d5 exd5
16.Nf5 Bd8 17.cxd5 Bxd5 18.Ng5 Be6 19.Nxg7  1-0

[Event "Christmas Open"]
[Site "Zadar CRO"]
[Date "2001.12.22"]
[Round "8"]
[White "Loncar,R"]
[Black "Kljako,D"]
[Result "1/2-1/2"]
[WhiteElo "2458"]
[BlackElo "2270"]

1.d4 d5 2.c4 e6 3.Nf3 Nf6 4.Nc3 c6 5.e3 Nbd7 6.Bd3 Bd6 7.O-O O-O 8.e4 dxe4
9.Nxe4 Nxe4 10.Bxe4 e5 11.dxe5 Nxe5 12.Nxe5 Bxe5 13.Bxh7+ Kxh7 14.Qh5+ Kg8
15.Qxe5 Qh4 16.b3 f6 17.Qc7 Rf7 18.Qd8+ Kh7 19.Be3 Qe4 20.Qa5 b5 21.Rfe1 Qg6
22.Bf4 bxc4 23.bxc4 Bf5 24.Re3 Qg4 25.Bd6 Be4 26.Bg3 Bg6 27.Qc5 Rd8 28.Rae1 Rd4
29.f4 Rd2 30.Bf2 Qd7 31.a4 Rd1 32.a5 Bf5 33.Rxd1 Qxd1+ 34.Re1 Qd7 35.h3 Kg8
36.g4 Bc2 37.Qe3 Kh7 38.Re2 Qd3 39.Qd2 Bb1 40.Qxd3+ Bxd3 41.Re6 Bxc4 42.Rxc6 Bb5
43.Rc5 a6 44.f5 Re7 45.Kg2 Rd7 46.Be3 Rd5 47.Rc7 Rd7 48.Rc8 Rd3 49.Kf2 Rd5
50.h4 Bd7 51.Rc7 Bxf5 52.gxf5 Rxf5+ 53.Kg3 Rxa5 54.Bc5 Ra1 55.Bd4 Ra3+ 56.Kf4 Ra4
57.Ke4 Kg6 58.Ra7 Kh6 59.Kd5 g5 60.hxg5+ fxg5 61.Be5 Kh5 62.Ke6 Kg4 63.Rg7 Rc4
64.Kd5 Rb4 65.Bc3 Rb5+ 66.Ke4 Rc5 67.Bd2 a5 68.Ra7 Kg3 69.Bxa5 g4 70.Bc7+ Kh4
71.Bf4 Rh5 72.Ra2 g3 73.Kf3 Rb5 74.Bxg3+ Kg5 75.Bf4+ Kf5 76.Rh2 Rb3+ 77.Be3 Ke5
78.Rh5+ Kf6 79.Ke4 Rb4+ 80.Bd4+ Kg6 81.Rh1 Ra4 82.Rg1+ Kf7 83.Rg7+ Ke6 84.Rg6+ Ke7
85.Kd5 Ra5+ 86.Bc5+ Kf7 87.Rc6 Rb5 88.Ke5 Rb1 89.Rf6+ Kg7 90.Bf8+ Kg8 91.Bh6 Rb5+
92.Kf4 Kh7 93.Bf8 Rb1 94.Ke5 Re1+ 95.Kd6 Kg8 96.Bh6 Ra1 97.Ke5 Ra5+ 98.Kf4 Kh7
99.Bg5 Ra4+ 100.Kf5 Ra5+ 101.Kg4 Kg7 102.Kh5 Ra1 103.Re6 Ra7 104.Rh6 Rf7
105.Rg6+ Kf8 106.Bf6 Rh7+ 107.Kg5 Rh1 108.Kf5 Re1 109.Rh6 Ke8 110.Rh7 Re2
111.Rc7 Kf8  1/2-1/2

[Event "10th Open"]
[Site "Aschach AUT"]
[Date "2001.12.26"]
[Round "1"]
[White "Wuerdinger,A"]
[Black "Polajzer,D"]
[Result "1/2-1/2"]
[WhiteElo "2107"]
[BlackElo "2430"]

1.d4 Nf6 2.c4 e6 3.Nf3 d5 4.Nc3 c6 5.e3 Nbd7 6.Bd3 dxc4 7.Bxc4 b5 8.Be2 a6
9.O-O Bb7 10.b3 c5 11.Bb2 cxd4 12.Nxd4 Be7 13.Bf3 Qb6 14.Bxb7 Qxb7 15.Qf3 Qxf3
16.gxf3 Ne5 17.Rfd1 Rc8 18.Rd2 Bb4 19.Rc1 O-O 20.f4 Nc6 21.a3 Ba5 22.b4 Nxd4
23.Rxd4 Bc7 24.Rd3 e5 25.Nd5 Nxd5 26.Rxd5 Bb8 27.Rxc8 Rxc8 28.Bxe5 Bxe5 29.fxe5 Kf8
30.Rd6 Ra8 31.Rd7 Rb8 32.Rd6 Ra8 33.Rb6 Ke7 34.Kg2 Ra7 35.Kf3 Kd7 36.Ke4 Kc7
37.Rd6 a5 38.Rd2 axb4 39.axb4 Ra4 40.Rb2 Ra1 41.f4 Rg1 42.f5 h5 43.Kd5 h4
44.Rf2 Rh1 45.e6 Rd1+ 46.Kc5 Rc1+ 47.Kxb5 fxe6 48.fxe6 Kd6 49.Rg2 Kxe6 50.Rxg7 Rc2
51.Rh7 Rxh2 52.Kc6 Kf5 53.b5 Kg6 54.Rh8 Kg7 55.Ra8 Rc2+ 56.Kb7 Rc3 57.Ra4 h3
58.Rg4+ Kf6 59.Rg3 Rc5 60.Rxh3 Rxb5+  1/2-1/2

[Event "ch-AUS"]
[Site "Melbourne AUS"]
[Date "2001.12.28"]
[Round "1"]
[White "Booth,Stew"]
[Black "Solomon,SJ"]
[Result "0-1"]
[WhiteElo "2181"]
[BlackElo "2385"]

1.d4 d5 2.c4 e6 3.Nc3 c6 4.e3 Nf6 5.Nf3 Nbd7 6.Qc2 Bd6 7.Bd3 O-O 8.O-O dxc4
9.Bxc4 Qe7 10.e4 e5 11.d5 Nb6 12.Bb3 cxd5 13.Nxd5 Nbxd5 14.Bxd5 Nxd5 15.exd5 e4
16.Re1 Bf5 17.Bg5 Qd7 18.Nh4 Rfe8 19.Qd2 a5 20.a3 h6 21.Nxf5 Qxf5 22.Be3 h5
23.h4 Ra6 24.g3 Qh3 25.Bf4 Bxf4 26.Qxf4 Rf6 27.Rxe4 Rxf4 28.Rxe8+ Kh7 29.gxf4 Qxh4
30.Re4 Qg4+ 31.Kf1 Qf3 32.Rae1 Qh1+  0-1

[Event "GEMA Match"]
[Site "Mondariz Belneario ESP"]
[Date "2001.12.28"]
[Round "2"]
[White "Sokolov,I"]
[Black "Vallejo Pons,F"]
[Result "1-0"]
[WhiteElo "2658"]
[BlackElo "2630"]

1.d4 d5 2.c4 c6 3.Nf3 Nf6 4.Nc3 e6 5.e3 Nbd7 6.Bd3 dxc4 7.Bxc4 b5 8.Bd3 b4
9.Ne4 Be7 10.Nxf6+ Nxf6 11.e4 Bb7 12.Be3 O-O 13.e5 Nd5 14.Bd2 Qb6 15.Qe2 c5
16.dxc5 Qxc5 17.h4 Nb6 18.Rc1 Qd5 19.Rc7 Bd8 20.Ng5 Qxg2 21.Bxh7+ Kh8 22.Qh5 Qxh1+
23.Ke2 Bxg5 24.Be4+ Bh6 25.Bxh1 Bxh1 26.Bxh6 Nd5 27.Rc4 Rfc8 28.Bg5+ Kg8
29.Qg4 Rxc4 30.Qxc4 a5 31.f3 a4 32.Kf2 a3 33.b3 Ra7 34.Qc1 Rc7 35.Qxh1 f6
36.exf6 gxf6 37.Bh6 Rc2+ 38.Kg3 Nc3 39.h5 Rxa2 40.Kh4 Ne2  1-0

[Event "22nd Open"]
[Site "Bethune FRA"]
[Date "2001.12.29"]
[Round "6"]
[White "Hareux,H"]
[Black "Friess,N"]
[Result "1-0"]
[WhiteElo "2221"]
[BlackElo "2055"]

1.d4 d5 2.c4 e6 3.Nc3 c6 4.e3 Nf6 5.Nf3 Nbd7 6.Qc2 Bd6 7.b3 O-O 8.Bb2 Re8
9.Be2 dxc4 10.Bxc4 e5 11.Rd1 Qe7 12.Ng5 Nd5 13.Qxh7+  1-0

[Event "TCh-NOR Qualifier"]
[Site "NOR"]
[Date "2001.??.??"]
[Round "1"]
[White "Kristiansen,E"]
[Black "Lahlum,H"]
[Result "0-1"]
[WhiteElo "2213"]
[BlackElo "2225"]

1.d4 d5 2.c4 e6 3.Nc3 c6 4.e3 Nf6 5.Nf3 Nbd7 6.Bd3 dxc4 7.Bxc4 b5 8.Bd3 Bb7
9.O-O a6 10.e4 c5 11.d5 Qc7 12.Re1 c4 13.Bc2 Bd6 14.Bg5 O-O-O 15.Rc1 h6 16.Bh4 Bf4
17.Bg3 Nh5 18.d6 Qc5 19.Bxf4 Nxf4 20.e5 g5 21.Ne4 Qd5 22.Nc3 Qxd1 23.Rcxd1 Nxg2
24.Kxg2 g4 25.Be4 gxf3+ 26.Kg3 Rhg8+ 27.Kf4 Rg5 28.h4 Rh5 29.Kg4 Rxe5 30.Bxb7+ Kxb7
31.Rxe5 Nxe5+ 32.Kh5 Nd3 33.Rd2 Rxd6 34.Kxh6 Rd4 35.Kg5 f6+ 36.Kxf6 Rxh4
37.Kxe6 b4 38.Nd1 Re4+  0-1

[Event "TCh-NOR Qualifier"]
[Site "NOR"]
[Date "2001.??.??"]
[Round "2"]
[White "Tallaksen,G"]
[Black "Adnoy,H"]
[Result "1/2-1/2"]
[WhiteElo "2235"]
[BlackElo "2178"]

1.d4 Nf6 2.c4 e6 3.Nf3 d5 4.Nc3 c6 5.e3 Nbd7 6.Bd3 dxc4 7.Bxc4 b5 8.Bd3 a6
9.e4 c5 10.d5 c4 11.Bc2 Qc7 12.dxe6 fxe6 13.O-O Bc5 14.e5 Nxe5 15.Bf4 Bd6
16.Bxe5 Bxe5 17.Nxe5 Qxe5 18.Re1 Qc5 19.Ne4 Nxe4 20.Bxe4 Ra7 21.b4 Qe7 22.Qh5+ Qf7
23.Qh3 g6 24.Bc6+ Kf8 25.Qh6+ Qg7 26.Qf4+ Qf7 27.Qh6+ Qg7 28.Qf4+ Qf7 29.Qe3 Rc7
30.Qh6+ Qg7 31.Qf4+ Qf7 32.Qh6+  1/2-1/2

[Event "6th Open"]
[Site "Bad Zwesten GER"]
[Date "2002.01.05"]
[Round "2"]
[White "Schaffer,H"]
[Black "Luther,T"]
[Result "0-1"]
[WhiteElo "2175"]
[BlackElo "2573"]

1.d4 Nf6 2.c4 e6 3.Nf3 d5 4.Nc3 c6 5.e3 Nbd7 6.Bd3 dxc4 7.Bxc4 b5 8.Bd3 a6
9.O-O c5 10.Qe2 Bb7 11.a3 Bd6 12.Rd1 Qb8 13.h3 O-O 14.e4 cxd4 15.Nxd4 Rd8
16.Bg5 Bh2+ 17.Kh1 Bf4 18.Bxf4 Qxf4 19.Nb3 Rac8 20.Bc2 Re8 21.Rd4 Ne5 22.Na5 Nc6
23.Nxc6 Rxc6 24.Rad1 e5 25.R4d2 Bc8 26.Nd5 Nxd5 27.exd5 Rd6 28.Qe3 Qxe3 29.fxe3 Bd7
30.Rf2 Rc8 31.Bf5 Bxf5 32.Rxf5 f6 33.Rf2 Kf7 34.e4 Ke7 35.Kh2 Rc4 36.Re2 Rb6
37.Rd3 a5 38.Kg3 Kd6 39.Kf3 Rb7 40.b3 Rc1 41.Ree3 Rbc7 42.b4 axb4 43.axb4 R7c4
44.Ra3 Rxb4 45.Ra7 Rc7 46.Rea3 Rbc4 47.R3a6+ Kd7 48.Rxc7+ Kxc7 49.Ra7+ Kb6
50.Rxg7 b4 51.Rg8 Kb7 52.Rg7+ Rc7 53.Rxc7+ Kxc7 54.Ke3 f5  0-1

[Event "6th Open"]
[Site "Bad Zwesten GER"]
[Date "2002.01.06"]
[Round "4"]
[White "Bischoff,K"]
[Black "Boudre,JP"]
[Result "1-0"]
[WhiteElo "2558"]
[BlackElo "2384"]

1.d4 d5 2.c4 c6 3.Nc3 Nf6 4.e3 e6 5.Nf3 Nbd7 6.Qc2 Bd6 7.b3 O-O 8.Be2 Re8
9.O-O Qe7 10.Rd1 b6 11.cxd5 exd5 12.Bb2 Bb7 13.g3 Rad8 14.Bf1 Nf8 15.Bg2 Ng6
16.Nd2 Bb8 17.Re1 Qd7 18.Rac1 Nf8 19.Ba3 Ne6 20.Nf3 Nf8 21.Red1 Ng6 22.Nd2 Qg4
23.Re1 Qh5 24.Qd3 Ne7 25.Ne2 Qh6 26.Rc3 Bd6 27.Bxd6 Rxd6 28.b4 Bc8 29.Rec1 g5
30.Nf1 Bh3 31.Qd1 Ne4 32.Ra3 Rd7 33.Nc3 Bxg2 34.Kxg2 Nd6 35.Nd2 f5 36.Ne2 g4
37.Nf4 Nb5 38.Rb3 Rd6 39.h3 gxh3+ 40.Nxh3 Ng6 41.Nf3 Qg7 42.a4 Nc7 43.Rbc3 Ne6
44.Rxc6 Rxc6 45.Rxc6 f4 46.exf4 Ngxf4+ 47.Nxf4 Nxf4+ 48.Kh2 Qd7 49.Rh6 Qg7
50.Rh4 Ng6 51.Rg4 Kh8 52.Kg2 Qe7 53.b5 Rf8 54.Nh4 Nxh4+ 55.Rxh4 Rf5 56.Qc2 Rf7
57.Qc8+ Rf8 58.Qc2 Rf6 59.Rh5 Qd7 60.Qe2 Re6 61.Qf3  1-0

[Event "Troll Masters"]
[Site "Gausdal NOR"]
[Date "2002.01.08"]
[Round "6"]
[White "Hoi,C"]
[Black "Leer Salvesen,B"]
[Result "1-0"]
[WhiteElo "2407"]
[BlackElo "2293"]

1.d4 e6 2.c4 d5 3.Nc3 c6 4.e3 Nf6 5.Nf3 Nbd7 6.Bd3 dxc4 7.Bxc4 b5 8.Bd3 Bb7
9.e4 b4 10.Na4 c5 11.e5 Nd5 12.O-O cxd4 13.Nxd4 Nxe5 14.Bb5+ Nd7 15.Qh5 g6
16.Qe2 Rc8 17.Re1 a6 18.Bxa6 Bxa6 19.Qxa6 Ra8 20.Qc4 Be7 21.Nc6 Qc7 22.Qxd5 exd5
23.Rxe7+ Kf8 24.Bh6+ Kg8 25.Rc1 Qd6 26.Rxd7 Qxd7 27.Nb6 Qe6 28.Nxa8 f6 29.Nd4 Qg4
30.Be3 g5 31.f3 Qh4 32.Nf5 Qh5 33.Rc8+ Kf7 34.Rxh8 g4 35.fxg4  1-0

[Event "Troll Masters"]
[Site "Gausdal NOR"]
[Date "2002.01.09"]
[Round "7"]
[White "Bekker Jensen,Da"]
[Black "Rause,O"]
[Result "1-0"]
[WhiteElo "2308"]
[BlackElo "2234"]

1.d4 d5 2.c4 c6 3.Nc3 Nf6 4.e3 e6 5.Nf3 Nbd7 6.Qc2 Bd6 7.Bd3 O-O 8.O-O dxc4
9.Bxc4 a6 10.a4 c5 11.Rd1 cxd4 12.Ne4 Ne5 13.Nxe5 Bxe5 14.exd4 Bxh2+ 15.Kxh2 Nxe4
16.Qxe4 Qc7+ 17.Bf4 Qxc4 18.Rac1 Qd5 19.Qxd5 exd5 20.Rc7 Re8 21.Rdc1 h6 22.R1c5 b6
23.Rxd5 Be6 24.Rd6 b5 25.d5 Bf5 26.Rb6 Re4 27.Be3 Rh4+ 28.Kg1 Rd8 29.d6 Rxa4
30.Ra7 Ra1+ 31.Kh2 Rd1 32.Raxa6 Rd5 33.Bf4 g5 34.Be3 Rd7 35.b4 Kg7 36.Bc5 Bd3
37.Ra8 Kf6 38.Re8 Bc4 39.Re7 Rd8 40.Rbb7 R8xd6 41.Bxd6 Rxd6 42.Red7 Ra6 43.Ra7 Rc6
44.f3 Kg6 45.Kg3 h5 46.Rd2 h4+ 47.Kf2 Rf6 48.Rd4 Re6 49.Rd2 Rf6 50.Rad7 Rf5
51.R7d4 Re5 52.Re4 Rxe4 53.fxe4 g4 54.Rd8 Kf6 55.Rh8 Kg5 56.Ke3 Bf1 57.Rg8+ Kh5
58.Kf4 Bxg2 59.Rh8+ Kg6 60.Rxh4 Bf3 61.Rh8 Kg7 62.Rb8 Be2 63.Rb6 Kf8 64.Ke3 Bc4
65.Rh6 Ke7 66.Rh4 Be6 67.Kf4 Kd7 68.Rh5 Kc6 69.Rc5+ Kb6 70.Rg5 Kc6 71.Ke5 Kc7
72.Kd4 Kc6 73.Rg7 Kd6 74.e5+ Kc6 75.Rg8 Kb6 76.Ke4 Kc6 77.Rd8 Kc7 78.Rd6 Kb7
79.Kf4 Kc7 80.Rxe6 fxe6 81.Kxg4 Kc6 82.Kg5 Kd5 83.Kf6 Kc4 84.Kxe6  1-0

[Event "Troll Masters"]
[Site "Gausdal NOR"]
[Date "2002.01.10"]
[Round "8"]
[White "Johansen,KR"]
[Black "Leer Salvesen,B"]
[Result "0-1"]
[WhiteElo "2090"]
[BlackElo "2293"]

1.c4 e6 2.Nc3 d5 3.d4 c6 4.e3 Nf6 5.Nf3 Nbd7 6.Qc2 Bd6 7.cxd5 exd5 8.Bd3 O-O
9.O-O Re8 10.b3 Qe7 11.Bb2 Ne4 12.Rae1 Ndf6 13.Ne5 Nxc3 14.Bxc3 Ne4 15.Bxe4 dxe4
16.f4 exf3 17.Rxf3 f6 18.Nd3 Qe4 19.Bd2 Bf5 20.Qc4+ Be6 21.Qc3 Bd5 22.Nc5 Qh4
23.g3 Qh5 24.e4 Bxc5 25.Rfe3 Bb6 26.exd5 Rxe3 27.Qxe3 Qxd5 28.Bc3 Rd8 29.Rd1 c5
30.a4 cxd4 31.a5 dxe3 32.Rxd5 Rxd5 33.axb6 axb6 34.b4 Rd1+ 35.Kg2 Rc1 36.Bd4 e2  0-1

[Event "TCh-CZE 2001-2"]
[Site "CZE"]
[Date "2002.01.12"]
[Round "6"]
[White "Jirovsky,M"]
[Black "Haba,P"]
[Result "0-1"]
[WhiteElo "2447"]
[BlackElo "2496"]

1.c4 c6 2.d4 d5 3.Nc3 Nf6 4.e3 e6 5.Nf3 Nbd7 6.Qc2 Bd6 7.Bd2 O-O 8.O-O-O b5
9.e4 b4 10.e5 bxc3 11.Bxc3 Ba6 12.exd6 Bxc4 13.Bxc4 dxc4 14.Ne5 Nd5 15.Nxc6 Qb6
16.Ne7+ Kh8 17.Nxd5 exd5 18.Qd2 Qa6 19.a3 Rab8 20.Rhe1 Nb6 21.Re7 Nc8 22.Bb4 Nxd6
23.Rxa7 Qxa7 24.Bxd6 Rfc8 25.Bxb8 Qxb8 26.Re1 h6 27.Re3 Qxh2 28.g3 Qh3 29.a4 Qd7
30.a5 Qb5 31.Ra3 Ra8 32.Kd1 Ra6 33.f4 f5 34.Ke1 Qe8+ 35.Re3 Qb5 36.Ra3 Re6+
37.Re3 Rxe3+ 38.Qxe3 Qxb2 39.Qe8+ Kh7 40.Qe5 Qb1+ 41.Kf2 Qc2+ 42.Kg1 Qd3
43.Qxd5 Qxg3+ 44.Kh1 Qh3+ 45.Kg1 c3 46.Qc5 Qe3+ 47.Kh2 Qxf4+ 48.Kh3 Qf3+
49.Kh2 Qf2+  0-1

[Event "Corus"]
[Site "Wijk aan Zee NED"]
[Date "2002.01.12"]
[Round "1"]
[White "Gelfand,B"]
[Black "Lautier,J"]
[Result "1-0"]
[WhiteElo "2703"]
[BlackElo "2687"]

1.Nf3 d5 2.d4 Nf6 3.c4 c6 4.Nc3 e6 5.e3 Nbd7 6.Qc2 Bd6 7.g4 h6 8.Rg1 e5 9.cxd5 cxd5
10.g5 hxg5 11.Nxg5 Qe7 12.Nb5 exd4 13.Nxd4 Ne5 14.Bd2 Nfg4 15.h3 Qxg5 16.hxg4 Bxg4
17.Be2 Qf6 18.Bxg4 Nxg4 19.O-O-O Ne5 20.Bc3 Rc8 21.f4 Rxc3 22.Qxc3 Nc4 23.Nb5 Qxc3+
24.Nxc3 Rh2 25.Rxd5 Be7 26.Rd4 Nxe3 27.Re4 Nf5 28.Nd5  1-0

[Event "OSS GM"]
[Site "Oslo NOR"]
[Date "2002.01.15"]
[Round "3"]
[White "Milov,V"]
[Black "Glenne,BE"]
[Result "1-0"]
[WhiteElo "2595"]
[BlackElo "2235"]

1.d4 d5 2.c4 e6 3.Nc3 c6 4.e3 Nf6 5.Nf3 Nbd7 6.Bd3 dxc4 7.Bxc4 b5 8.Bd3 Bb7
9.e4 a6 10.e5 Ng8 11.Bg5 Qb6 12.a4 Ne7 13.O-O g6 14.Qe2 Nf5 15.axb5 axb5
16.Rxa8+ Bxa8 17.Ra1 Bb7 18.d5 b4 19.dxe6 fxe6 20.Ne4 Be7 21.Nd6+ Bxd6 22.exd6 Ng7
23.Bc4 O-O 24.Bxe6+ Nxe6 25.Qxe6+ Rf7 26.Be3 Nc5 27.Qc4  1-0